书目信息 |
| 题名: |
粉墨春秋
|
|
| 作者: | 周传家 著 | |
| 分册: | ||
| 出版信息: | 天津人民 2008.06 |
|
| 页数: | 426页 | |
| 开本: | 20cm | |
| 丛书名: | ||
| 单 册: | ||
| 中图分类: | I247.8 | |
| 科图分类: | ||
| 主题词: | 小说--中国 | |
| 电子资源: | ||
| ISBN: | 978-7-201-05917-4 | |
| 000 | 00601nam0 2200229 45 | |
| 001 | 0930317132 | |
| 005 | 20091012082606.59 | |
| 010 | @a978-7-201-05917-4@dCNY40.00 | |
| 100 | @a20090515d2008 ekmy0 y0120 ea | |
| 102 | @aCN@b130000 | |
| 102 | @aCN@b120000 | |
| 105 | @ay z 000yy | |
| 200 | 1 | @a粉墨春秋@f周传家著@Fzhou chuan jia zhu |
| 210 | @c天津人民@d2008.06 | |
| 210 | @a天津@c天津人民出版社 | |
| 215 | @a426页@d20cm | |
| 606 | 0 | @a小说@x中国 |
| 690 | @aI247.8@v4 | |
| 701 | 0 | @a周传家@Azhou chuan jia@4著 |
| 801 | 0 | @aCN@c20091012 |
| 905 | @a10447@dI247.8@eZ7501 | |
| 906 | @d40@n3@r1 | |
| 粉墨春秋/周传家著.-天津人民,2008.06.-天津:天津人民出版社 |
| 426页;20cm |
| ISBN 978-7-201-05917-4:CNY40.00 |
| ● |
| 相关链接 |
|
|
|
正题名:粉墨春秋
索取号:I247.8/Z7501
 
预约/预借
| 序号 | 登录号 | 条形码 | 馆藏地/架位号 | 状态 | 备注 |
| 1 | 894440 | 208944400 | 社科二线400B/400B社科库 16排3列1层/ [索取号:I247.8/Z7501] | 在馆 | |
| 2 | 894441 | 208944419 | 社科二线400B/400B社科库 17排4列5层/ [索取号:I247.8/Z7501] | 在馆 | |
| 3 | 894442 | 208944428 | 文学库108/108文学库 63排11列1层/ [索取号:I247.8/Z7501] | 在馆 |